000 00271nam a2200109Ia 4500
008 220204s9999 xx 000 0 und d
082 _a159.9
_bGRE
100 _aGreenwald, J
245 0 _aBe the person you were meant to be
260 _aNew York
_bDell
_c1973
942 _cBK
999 _c33488
_d33488